| 000 | 01233nam a2200229Ia 4500 | ||
|---|---|---|---|
| 001 | L900-39861 | ||
| 003 | IT-CnALBA | ||
| 008 | 170116s9999||||xx |||||||||||||| ||und|| | ||
| 040 |
_aIT-CnALBA _cIT-CnALBA |
||
| 041 | _aITALIANO | ||
| 100 | _aCURATO FEDERICO | ||
| 245 | 0 | _aNUOVE QUESTIONI DI STORIA CONTEMPORANEA. VOL. II. | |
| 250 | _a1a ed. | ||
| 260 |
_a MILANO - COMO _bMARZORATI CARLO EDITORE _c1969 [1° Ed.:1969 - Ed.Ling.Originale: 1969] |
||
| 300 | _a922 p. (prefazione: 11) | ||
| 500 | _aLETTERATURA SULLE ORIGINI DELLA PRIMA GUERRA MONDIALE. RIVOLUZIONE RUSSA. INDICE ONOMASTICO. URSS POTENZA MONDIALE. BELOFF M. VEGAS F. USA 1890 1945. GORI U. SOCIETÀ DELLE NAZIONI. ITALIA, 1914 1945, QUARONI P. TOSCANO M. QUESIONI DIPLOMATICHE, II GUERRA | ||
| 501 | _aSocietà San Paolo EM - Piazza San Paolo, 14 - 12051 ALBA (CN) (non commercial uses only) ® Copyright 2017 | ||
| 520 | _aLETTERATURA SULLE ORIGINI DELLA PRIMA GUERRA MONDIALE. RIVOLUZIONE RUSSA. INDICE ONOMASTICO. URSS POTENZA MONDIALE. BELOFF M. VEGAS F. USA 1890 1945. GORI U. SOCIETÀ DELLE NAZIONI. ITALIA, 1914 1945, QUARONI P. TOSCANO M. QUESIONI DIPLOMATICHE, II GUERRA | ||
| 650 | _aSTORIA UNIVERSALE | ||
| 942 | _cBK | ||
| 957 | _71 | ||
| 999 |
_a44815 _bNO _g Copie: 1 _c298845 _d298845 |
||